00273nam a22001217a 4500003000400000082001800004100001800022245002500040260004400065300000800109650001700117653001700134SGT a617.643bC21S aSharma, Ankit aCleft Lip and Palate aGurugram, HaryanabSGT Universityc2021 a120 aOrthodontics aOrthodontics